Die "Leiter zum Paradies" des Johannes Klimakos: Katalog der slavischen Handschriften = "Lestvica" Ioanna Sinajskogo
| Subtitles: | "Lestvica" Ioanna Sinajskogo |
|---|---|
| Main Author: | |
| Contributors: | |
| Format: | Electronic Book |
| Language: | Russian German |
| Subito Delivery Service: | Order now. |
| Check availability: | HBZ Gateway |
| WorldCat: | WorldCat |
| Interlibrary Loan: | Interlibrary Loan for the Fachinformationsdienste (Specialized Information Services in Germany) |
| Published: |
Köln Weimar Wien
Böhlau Verlag
2012
|
| In: |
Bausteine zur slavischen Philologie und Kulturgeschichte (N.F., 76)
Year: 2012 |
| Series/Journal: | Bausteine zur slavischen Philologie und Kulturgeschichte Slavistische Forschungen
N.F., 76 |
| Standardized Subjects / Keyword chains: | B
John, Climacus 575-650
/ Translation
/ Slavic languages
/ Handwriting
/ History
|
| Further subjects: | B
John Climacus, Saint (active 6th century) Scala Paradisi
B Manuscripts, Slavic Catalogs B List |
| Online Access: |
Volltext (Resolving-System) Volltext (Publisher) |
| Parallel Edition: | Non-electronic
|
MARC
| LEADER | 00000cam a2200000 c 4500 | ||
|---|---|---|---|
| 001 | 1680069489 | ||
| 003 | DE-627 | ||
| 005 | 20260302002936.0 | ||
| 007 | cr uuu---uuuuu | ||
| 008 | 191028s2012 gw |||||or 00| ||rus c | ||
| 020 | |a 9783412215163 | ||
| 035 | |a (DE-627)1680069489 | ||
| 035 | |a (DE-599)KXP1680069489 | ||
| 035 | |a (OCoLC)1143017586 | ||
| 040 | |a DE-627 |b ger |c DE-627 |e rda | ||
| 041 | |a rus |a ger | ||
| 044 | |c XA-DE |c XA-AT | ||
| 050 | 0 | |a BX382.J63 | |
| 082 | 0 | |a 010 |q BSZ | |
| 082 | 0 | |a 230 |q BSZ | |
| 082 | 0 | |a 880 |q BSZ | |
| 082 | 0 | 4 | |a 010 |a 230 |q DNB |
| 082 | 0 | 4 | |a 010 |a 230 |a 880 |
| 084 | |a KD 5750 |2 rvk |0 (DE-625)rvk/72257: | ||
| 084 | |a 11.57 |2 bkl | ||
| 100 | 1 | |e VerfasserIn |0 (DE-627)1249169046 |0 (DE-576)179169041 |4 aut |a Popova, Tatʹjana G. | |
| 109 | |a Popova, Tatʹjana G. |a Popova, Tatʹjana Grigorʹevna |a Popova, T. G. |a Popova, Tatiana G. | ||
| 245 | 1 | 4 | |a Die "Leiter zum Paradies" des Johannes Klimakos |b Katalog der slavischen Handschriften = "Lestvica" Ioanna Sinajskogo |c Tatiana G. Popova |
| 246 | 3 | 1 | |a "Lestvica" Ioanna Sinajskogo |
| 264 | 1 | |a Köln |a Weimar |a Wien |b Böhlau Verlag |c 2012 | |
| 300 | |a 1 Online-Ressource (1080 Seiten) | ||
| 336 | |a Text |b txt |2 rdacontent | ||
| 337 | |a Computermedien |b c |2 rdamedia | ||
| 338 | |a Online-Ressource |b cr |2 rdacarrier | ||
| 490 | 1 | |a Bausteine zur slavischen Philologie und Kulturgeschichte |a Reihe A, Slavistische Forschungen |v N.F., 76 | |
| 500 | |a In kyrillischer Schrift, russisch - Einführung in deutscher Sprache | ||
| 546 | |a Text in kyrillischer Schrift, russisch - Einführung in deutscher Sprache | ||
| 600 | 1 | 0 | |a John |c Climacus, Saint |d active 6th century |t Scala Paradisi |
| 601 | |a Paradies | ||
| 601 | |a Katalog | ||
| 650 | 0 | |a Manuscripts, Slavic |v Catalogs | |
| 655 | 7 | |a Verzeichnis |0 (DE-588)4188171-0 |0 (DE-627)105266639 |0 (DE-576)210051078 |2 gnd-content | |
| 689 | 0 | 0 | |d p |0 (DE-588)118558048 |0 (DE-627)079355323 |0 (DE-576)165219742 |2 gnd |a Johannes |c Climacus |d 575-650 |
| 689 | 0 | 1 | |d s |0 (DE-588)4061418-9 |0 (DE-627)104221534 |0 (DE-576)209139684 |2 gnd |a Übersetzung |
| 689 | 0 | 2 | |d s |0 (DE-588)4120036-6 |0 (DE-627)105779377 |0 (DE-576)20953172X |2 gnd |a Slawische Sprachen |
| 689 | 0 | 3 | |d s |0 (DE-588)4023287-6 |0 (DE-627)10457187X |0 (DE-576)208948376 |2 gnd |a Handschrift |
| 689 | 0 | 4 | |q z |2 gnd |a Geschichte |
| 689 | 0 | |5 DE-101 | |
| 700 | 1 | |e Sonstige Person, Familie und Körperschaft |0 (DE-588)1023711389 |0 (DE-627)718222121 |0 (DE-576)367299879 |4 oth |a Popova, Tatʹjana Georgievna | |
| 776 | 1 | |z 9783412209483 | |
| 776 | 0 | 8 | |i Erscheint auch als |n Druck-Ausgabe |a Popova, Tatʹjana Georgievna |t Die "Leiter zum Paradies" des Johannes Klimakos |d Köln : Böhlau, 2012 |h 1073 S. |w (DE-627)716134160 |w (DE-576)366461192 |z 9783412209483 |z 3412209481 |k Non-Electronic |
| 830 | 0 | |a Bausteine zur slavischen Philologie und Kulturgeschichte |n Reihe A |p Slavistische Forschungen |v N.F., 76 |9 76 |w (DE-627)864010168 |w (DE-576)475504755 |w (DE-600)2863645-4 |x 2748-4718 |7 am | |
| 856 | 4 | 0 | |u https://doi.org/10.7788/boehlau.9783412215163 |x Resolving-System |3 Volltext |7 1 |
| 856 | 4 | 0 | |u https://www.vr-elibrary.de/doi/book/10.7788/boehlau.9783412215163 |x Verlag |3 Volltext |7 1 |
| 912 | |a ZDB-117-BSK |b 2019 | ||
| 912 | |a ZDB-117-VRE | ||
| 935 | |a mteo | ||
| 936 | r | v | |a KD 5750 |b Textkritik und Editionstechnik; Textologie; Handschriften und Handschriftenkataloge |k Slawistik |k Slawische Sprachen und Literaturen i.A. |k Slawische Literaturen i.A. |k Literaturwissenschaft |k Textkritik und Editionstechnik; Textologie; Handschriften und Handschriftenkataloge |0 (DE-627)1270981625 |0 (DE-625)rvk/72257: |0 (DE-576)200981625 |
| 936 | b | k | |a 11.57 |j Ostchristentum |0 (DE-627)106405144 |
| 936 | s | n | |a k100 |2 mzub |
| 936 | s | n | |a b100 |2 mzub |
| 936 | s | n | |a a100 |2 mzub |
| 936 | s | n | |a f100 |2 mzub |
| 951 | |a BO | ||
| ELC | |a 1 | ||
| ORI | |a TA-MARC-ixtheo_oa001.raw | ||
| REL | |a 1 | ||
| STA | 0 | 0 | |a Handwriting,Manuscript,Script,History,History,History in art,Slavic languages,Translation,Translations |
| STB | 0 | 0 | |a Histoire,Histoire,Histoire,Langues slaves,Traduction,Traductions,Écriture,Manuscrit |
| STC | 0 | 0 | |a Grafía,Manuscrito,Historia,Historia,Historia,Lenguas eslavas,Traducción |
| STD | 0 | 0 | |a Grafia,Manoscritto,Lingue slave,Storia,Storia,Traduzione |
| STE | 0 | 0 | |a 历史,史,斯拉夫语族,笔迹,手抄本,手稿,翻译 |
| STF | 0 | 0 | |a 斯拉夫語族,歷史,史,筆跡,手抄本,手稿,翻譯 |
| STG | 0 | 0 | |a Grafia,Manuscrito,História,História,Línguas eslavas,Tradução |
| STH | 0 | 0 | |a История (мотив),История,Перевод (лингвистика),Почерк,Рукопись,Славянские языки |
| STI | 0 | 0 | |a Γραφικός χαρακτήρας (γραφολογία),Χειρόγραφο,Ιστορία (μοτίβο),Ιστορία,Μετάφραση,Σλαβικές γλώσσες |
| SUB | |a REL | ||
| SYG | 0 | 0 | |a Johannes Climacus,575-650,Johannes,Climax,575-650,Johannes Climax,575-650,Johannes,Clymacus,575-650,Johannes,Klimacus,575-650,Johannes,Klimakos,575-650,Johannes Klimakos,575-650,Johannes,Klimakus,575-650,Johannes,Klimax,575-650,Johannes Antiochenus,575-650,Johannes,Montis Sinai,575-650,Johannes,Scholasticus,575-650,Johannes,Scholasticus Climacus,575-650,Johannes,Scholasticus Patriarcha Constantinopolitanus,575-650,Johannes,Sinaites,575-650,Johannes,Sinaiticus,575-650,Johannes,vom Sinai,575-650,Johannes,von Sinai,575-650,Ioan,Scărarul,575-650,Ioane,Sineli,575-650,Ioann,Lěstvičnik,575-650,Ioannes,Climacus,575-650,Iōannēs,Sinaïtēs,575-650,Iohannes,Climacus,575-650,Iohannes,Stylites,575-650,Joann,Scholastik,575-650,John,Climacus,575-650,John,Climax,575-650,John,the Stylite,575-650,Jean,Climaque,575-650,Jean,le Scolastique,575-650,Joannes,Climacus,575-650,Jovan,Lestvičnik,575-650,Juan,Climaco,575-650,Climacius, Joannes,575-650,Climacus, Ioannes,575-650,Climacus, Iohannes,575-650,Climacus Iohannes,575-650,Climacus, Joannes,575-650,Climacus, Johannes,575-650,Climacus, John,575-650,Climacus, St. John,575-650,Climaco, Giovanni,575-650,Climakus, Johannes,575-650,Clymacus, Johannes,575-650,Giovanni,Climaco,575-650,Klimakos, Johannes,575-650,Klimakus, Johannes,575-650,Lestvičnik, Jovan,575-650,Lestvičnik, Johann,575-650 , Sprachübersetzung,Translation,Textübersetzung,Übersetzen,Übertragung,Sprachmitteln,Sprachmittlung , Slavische Sprachen,Slawisch,Slavisch , Buchhandschrift,Handschriften , History,Geschichtliche Epoche,Historical development,Historische Entwicklung,Landesgeschichte,Regionalgeschichte,Ortsgeschichte,Zeitgeschichte |



